000 00417nam a2200157 a 4500
005 20140412111303.0
008 030415s19uu xx 00 eng d
050 _aER
_bMi66 1990
245 _aMinnie 'n Me: when we grow up.
260 _aBurbank, CA :
_bThe Walt Disney Company.
300 _a1 v. (unp.) ; ill.
440 _aDisney
650 _aGrowth--Fiction
650 _aChildren stories
999 _c103512
_d103512